Words with Consecutive Letters - Statistics

General Stats
  • This quiz has been taken 480 times
  • The average score is 10 of 25
Answer Stats
Hint Answer % Correct
Mountainous Asian nation with capital Kabul Afghanistan
86%
Person who is medically unable to sleep insomniac
75%
Unique scannable pattern of squares that links online QR code
72%
The part of one's mind of which we are unaware subconscious
71%
Someone who plays an of wooden bar and mallet instrument xylophonist
70%
German compact car named after an insect VW Beetle
61%
Fruit, or the name of a Mark Twain character Huckleberry
54%
Synonym for "infamousness" notoriety
51%
What astronauts experience when in outer space weightlessness
48%
Poultry portmanteau, also known as a "three-bird roast" turducken
46%
Height or climax of a long process of work culmination
39%
Spanish word for "beans" frijoles
37%
Online mapping service of the 1990s Mapquest
37%
Physically stealing goods shoplifting
36%
First piece laid for a building, or a metaphorical foundation cornerstone
34%
Extent to which something can provide a result effectiveness
31%
Unexpected or unusual occurrence abnormality
27%
Candy made from brown sugar and butter, can be in pudding butterscotch
27%
National museum of the Netherlands found in Amsterdam Rijksmuseum
24%
What Youtubers risk by breaking their website's rules demonetization
17%
Synonym for obstacle or challenge, can be a person hindrance
17%
Literally or figuratively preventing from movement paralyzing
16%
Part of speech where a part means the whole, or vice versa synecdoche
10%
Descent into a worse condition, often by a government/state devolution
9%
Physically or mentally outdo/escape someone or thing outmaneuver
8%
No matching quizzes found
Score Distribution
Percent of People with Each Score
Percentile by Number Answered
Your Score History
You have not taken this quiz